000 00460nam a2200181 a 4500
001 2794
003 CO-ViMGA
008 141112s2004 ck r 000 u spa d
040 _aCO-ViMGA
_bspa
_cCO-ViMGA
082 0 4 _aREIn
100 1 _aReif, Marbeth
_951877
245 1 0 _aLa nuez mágica
260 _aMadrid :
_bS.M,
_c1989
300 _a25 p : il
490 _aCuentos de la torre y la estrella, 50
650 1 4 _aCUENTOS INFANTILES
_92743
942 _2ddc
_cBK
999 _c14865
_d14865